00554nam a2200193Ii 450000100060000000300090000600800410001502000180005604000330007404100080010708200200011510000160013524500670015126400490021830000120026733600260027933700280030533800270033318975CO-ViMGA241108s9999||||xx |||||||||||||| ||und|| a9789588306506 aCO-ViMGAbspaerdacCO-ViMGA0 aspa04aR 641.5946 N28c1 aJhon Newton10aLa comida española :bun viaje para los amantes de la cocina 1aBogotá, Colombia : Villegas Editores, 2009 avolumen atextbtxt2rdacontent aunmediatedbn2rdamedia avolumebnc2rdacarrier